Bands Named after Places - Statistics

General Stats
  • This quiz has been taken 84 times
  • The average score is 5 of 8
Answer Stats
Famous Hits Band % Correct
Carrie/The Final Countdown Europe
86%
More Than A Feeling/Amanda Boston
84%
Dust in the Wind/Carry On My Wayward Son Kansas
76%
A Horse With No Name America
70%
Hard to Say I'm Sorry/If You Leave Me Now Chicago
67%
Heat Of The Moment Asia
50%
Love Hurts/Love Leads To Madness Nazareth
38%
Mountain Music/Feels So Right Alabama
28%
No matching quizzes found
Score Distribution
Percent of People with Each Score
Percentile by Number Answered
Your Score History
You have not taken this quiz